Armes de Black Ops 3 - Statistiques

Statistiques générales
  • Ce quiz a été pris 552 fois
  • Le résultat moyen est 14 sur 24
Statistiques - réponses
Par images Réponse % Correct
Kuda
93%
Locus
88%
VMP
85%
Man-O-War
78%
Dingo
76%
Razorback
76%
KN-44
73%
Vesper
73%
Weevil
73%
Pharo
70%
Sheiva
62%
Drakon
57%
ICR-1
53%
M8A7
53%
HVK-30
52%
RK5
51%
BRM
50%
Gorgon
42%
P-06
41%
MR6
40%
SVG-100
40%
XR-2
40%
L-CAR 9
33%
48 Dredge
12%
Aucun quiz correspondant
Distribution des résultats
% des personnes avec chaque résultat
Percentile par nombre de réponses
Votre historique - résultats
Vous n’avez pas pris ce quiz